| 000 | 00743nam a22002177a 4500 | ||
|---|---|---|---|
| 005 | 20170124110253.0 | ||
| 010 | _aB-168045 | ||
| 020 |
_c1100.00 _a8186623833 |
||
| 035 | _aB-168045 | ||
| 037 | _bCen Lib/Ret | ||
| 040 |
_aDPL _bEN |
||
| 082 |
_a631 _bPLA |
||
| 110 |
_aDelhi. National Institute of Industrial Research _9105129 |
||
| 245 |
_aPlant biotechnology hand book / _cby Delhi. National Institute of Industrial Research |
||
| 260 |
_aDelhi _bNational Institute of Industrial Research |
||
| 270 |
_a106-E, Kamla Nagar, P.E.No.2162 _bDelhi _e110007 |
||
| 300 |
_axiii,550p. _c20cm(pbk) |
||
| 650 |
_aOrganisms of biotechnology _9100024 |
||
| 650 |
_aNitrogen fixation _9100025 |
||
| 942 |
_2ddc _cEN _h631 _mPLA |
||
| 999 |
_c136002 _d136002 |
||